| 000 | 01016nam a22002297a 4500 | ||
|---|---|---|---|
| 001 | 311 | ||
| 003 | FISKH | ||
| 005 | 20230320113249.0 | ||
| 008 | 230320b cb ||||| |||| 00| 0 eng d | ||
| 020 | _a9781405271943 | ||
| 040 |
_aFISKH _beng _cFISKH _dFISKH |
||
| 050 | _aPE1119 | ||
| 082 | _a823.914 | ||
| 100 |
_aTomlinson, Jill _d1931-1976 |
||
| 245 | _aThe otter who wanted to know | ||
| 260 |
_aLondon _bEgmont _c2014 |
||
| 300 |
_a86 p. _c20 cm. |
||
| 520 | _aThe story of an otter who learns to figure things out for herselfPat is an adorable little sea otter. She likes turning up her toes and floating in the sea, chasing fish, and asking a hundred and one questions. One day Pat's quiet life is turned upside down when she gets caught up in a pretty scary adventure. Suddenly she doesn't have time to ask any questions, and even if she did, no one would know the answers. This time Pat just has to find things out for herself. | ||
| 521 | 8 |
_a590
_bLexile |
|
| 521 | 8 |
_aK
_bRaz-Plus |
|
| 942 |
_2ddc _cBK _n0 |
||
| 999 |
_c311 _d311 |
||